West Indies /

Mapa que además de ubicar los principales lugares de los países antillanos, también ofrece breve información sobre la historia de cada uno de ellos.

Guardat en:
Dades bibliogràfiques
Autor principal: Mairson, Alan (autor)
Altres autors: Kellogg, Patricia Bragan (investigación) (investigación), Carroll, Allen (edición) (edición), Allen, William L. (edición) (edición)
Format: Mapa
Publicat: Washington, EUA : National Geographic Society, 2003, c2003
Col·lecció:(Traveler's Map)
Matèries:
Etiquetes: Afegir etiqueta
Sense etiquetes, Sigues el primer a etiquetar aquest registre!

MARC

LEADER 00000nem^a2200000^a^4500
001 000156668
005 20250521000000.0
009 20260310100511.59
037 |a Acervo ITESO - Biblioteca 
041 |a GRA 
082 |a 912. 729  |b MAI 
100 |a Mairson, Alan  |e (autor) 
245 1 0 |a West Indies /  |c A. Mairson ; investigación de P.B. Kellogg ; ed. de A. Carroll, W.L. Allen. 
255 |c (084º-O60º/N24º-N12º) 
255 |a Escala 1 : 3 737 000 
264 4 |a Washington, EUA :  |b National Geographic Society,  |c 2003, c2003 
300 |a 1 mapa 
336 |a imagen cartográfica estática  |b cri  |2 rdacontenido 
337 |a sin mediación  |b n  |2 rdamedio 
338 |a mapa  |b nz  |2 rdasoporte 
440 1 |a (Traveler's Map) 
520 |a Mapa que además de ubicar los principales lugares de los países antillanos, también ofrece breve información sobre la historia de cada uno de ellos. 
546 |a Edición gráfica con texto en inglés 
649 |a XX 
650 |a Cuba -  |x Mapas 
650 |a Puerto Rico -  |x Mapas 
650 |a Jamaica -  |x Mapas 
650 |a Haití -  |x Mapas 
650 |a República Dominicana -  |x Mapas 
650 |a Caribe, El -  |x Mapas 
650 |a América -  |x Mapas 
650 |a Cartografía -  |z América 
650 |a Geografía -  |z América 
700 |a Kellogg, Patricia Bragan  |e (investigación) 
700 |a Carroll, Allen  |e (edición) 
700 |a Allen, William L.  |e (edición) 
910 |a Fondo General 
920 |a Gráficos - Mapas 
905 |a 503 
901 |a 0500084010  |b IT2  |c MAP  |u 20250521 
902 |a https://opac.biblio.iteso.mx/vufind/Record/000156668